All Balatro Consumables - Statistics

General Stats
  • This quiz has been taken 195 times
  • The average score is 32 of 52
Answer Stats
Answer % Correct
Jupiter
93%
Mars
93%
Earth
92%
Saturn
91%
Pluto
90%
Venus
88%
Mercury
87%
Death
85%
Planet X
84%
The Moon
84%
Uranus
84%
Neptune
83%
The Sun
83%
The Fool
82%
The Star
79%
The Emperor
77%
Eris
76%
The Empress
76%
The Hermit
74%
The Hanged Man
72%
Temperance
70%
The Chariot
69%
The Lovers
69%
The World
65%
Ceres
64%
The Magician
64%
The Devil
62%
The Soul
62%
Black Hole
61%
Justice
60%
The Hierophant
59%
The High Priestess
53%
Cryptid
50%
Judgement
50%
The Tower
50%
The Wheel of Fortune
49%
Deja Vu
48%
Hex
48%
Ankh
46%
Ectoplasm
46%
Strength
45%
Immolate
44%
Familiar
40%
Ouija
40%
Wraith
40%
Talisman
31%
Grim
30%
Trance
29%
Aura
28%
Incantation
27%
Medium
23%
Sigil
23%
No matching quizzes found
Score Distribution
Percent of People with Each Score
Percentile by Number Answered
Your Score History
You have not taken this quiz